|
|
|
|
| LEADER |
00000nas a2200000 a 4500 |
| 001 |
ssj0001838 |
| 003 |
WaSeSS |
| 005 |
20200512172242.0 |
| 006 |
m d |
| 007 |
cr n |
| 008 |
800104u1956uuuupauzx p s 0 a0eng c |
| 010 |
|
|
|a 82645584
|z sc 81004021
|z sn 80008870
|
| 016 |
|
|
|a (AMICUS)000010185061
|
| 019 |
|
|
|a 926196815
|a 990761373
|a 994396512
|a 1033214677
|a 1052684036
|a 1053928820
|
| 022 |
|
|
|l 0014-8008
|y 0014-8008
|
| 032 |
|
|
|a 186120
|b USPS
|
| 035 |
|
|
|a (WaSeSS)ssj0001838
|
| 040 |
|
|
|a NSD
|b eng
|c NSD
|d IUL
|d PIT
|d DLC
|d AIP
|d NST
|d AGL
|d NST
|d NYG
|d OCLCQ
|d DLC
|d OCLCQ
|d OCLCF
|d OCLCO
|d I8M
|d OCLCQ
|d CSJ
|d OCLCQ
|d GILDS
|d OCLCO
|d NLC
|d WaSeSS
|
| 042 |
|
|
|a pcc
|a nsdp
|
| 043 |
|
|
|a n-us---
|
| 050 |
0 |
0 |
|a S1
|b .F25
|
| 070 |
0 |
|
|a 6
|b F2212
|
| 082 |
0 |
4 |
|a 630/.5
|
| 130 |
0 |
|
|a Farm journal (Philadelphia, Pa. : 1956)
|
| 210 |
0 |
|
|a Farm j.
|b (Philadelphia. 1956)
|
| 222 |
|
0 |
|a Farm journal
|b (Philadelphia. 1956)
|
| 245 |
1 |
0 |
|a Farm journal
|h [electronic resource].
|
| 250 |
|
|
|a Eastern ed.
|
| 260 |
|
|
|a [Philadelphia, Pa.] :
|b [Farm journal Inc.],
|c [©1956]-
|
| 310 |
|
|
|a Frequency varies
|
| 362 |
0 |
|
|a Vol. 80, no. 12 (Dec. 1956)-
|
| 500 |
|
|
|a Issued in four editions: Central ed., Eastern ed., Southern ed., Western ed., <1956> in various regional commodity editions, <1977->
|
| 506 |
|
|
|a License restrictions may limit access.
|
| 650 |
|
0 |
|a Agriculture
|z United States
|v Periodicals.
|
| 650 |
|
0 |
|a Farm life
|z United States
|v Periodicals.
|
| 650 |
|
0 |
|a Agriculture
|v Periodicals.
|
| 650 |
|
0 |
|a Farm life
|v Periodicals.
|
| 650 |
|
7 |
|a Agriculture.
|2 fast
|0 (OCoLC)fst00801355
|
| 650 |
|
7 |
|a Farm life.
|2 fast
|0 (OCoLC)fst00921052
|
| 650 |
|
6 |
|a Agriculture
|x Périodiques.
|
| 650 |
|
6 |
|a Vie rurale
|x Périodiques.
|
| 651 |
|
7 |
|a United States.
|2 fast
|0 (OCoLC)fst01204155
|
| 655 |
|
0 |
|a Electronic journals.
|
| 780 |
0 |
0 |
|t Farm journal and country gentleman
|w (OCoLC)6936255
|
| 850 |
|
|
|a CU-A
|a DLC
|a MnSU
|a N
|a NcWsW
|a P
|a ViBlbV
|
| 856 |
4 |
0 |
|z Full text available from Research Library: 07/01/1995 to 02/28/1997
|u https://search.proquest.com/publication/41570
|
| 856 |
4 |
0 |
|z Full text available from Research Library: 11/02/2004 to 07/31/2008
|u https://search.proquest.com/publication/41570
|